[Event "DVM U14 2011"]
[Site "Lingen (Ems) GER"]
[Date "2011.12.28"]
[Round "3"]
[White "Birnkraut, Tim"]
[Black "Dröttboom, Tobias"]
[Result "0-1"]
[Termination "normal"]
[Board "2.2"]
[WhiteElo "1729"]
[BlackElo "1460"]
[WhiteTeam "SF Brackel 30"]
[BlackTeam "SK Kspr. Iserlohn 1934"]
[WhiteFideId "24609587"]
[BlackFideId "12946133"]
[EventCountry "GER"]
[EventRounds "7"]
[EventType "team-swiss"]
[EventDate "2011.12.26"]

1. e4 c5 2. c4 e6 3. Nc3 a6 4. Nf3 Qc7 5. Be2 b6 6. O-O Bb7 7. d4 cxd4 8. Nxd4
Nf6 9. Bd3 d6 10. Be3 Nbd7 11. f3 Be7 12. Rc1 Rc8 13. Qd2 O-O 14. Rfd1 Ne5 15.
Nce2 Qb8 16. b3 Rfe8 17. Ng3 Nfd7 18. Bf1 Nf6 19. Bf2 Ba8 20. Nc2 Red8 21. Qe2
Nfd7 22. Ne1 Nc5 23. b4 Ncd7 24. c5 dxc5 25. bxc5 Nxc5 26. Kh1 Bb7 27. Qb2 Rxd1
28. Rxd1 Bd8 29. f4 Ned7 30. e5 b5 31. Nf3 Qc7 32. Qd2 Bd5 33. Kg1 Nb6 34. Rc1
Nc4 35. Bxc4 Bxc4 36. Rd1 Bd5 37. Rc1 Be7 38. Qc2 Bc4 39. Rd1 Nd3 40. Nh1 Nxf4
41. Ng3 Nd5 42. Qd2 Rd8 43. Qc1 Nb4 44. Ne4 Nd3 45. Qc2 Nxf2 46. Nxf2 Rxd1+ 47.
Nxd1 Qc5+ 48. Nf2 Bxa2 49. Qd1 Bd5 50. Nd4 Bd8 51. Nb3 Qe3 52. Nc1 Bb6 53. Ncd3
Bc4 54. Qc1 Qxd3 0-1

[Event "DVM U14 2011"]
[Site "Lingen (Ems) GER"]
[Date "2011.12.28"]
[Round "3"]
[White "von Bargen, Lukas"]
[Black "Golosnyak, Alexander"]
[Result "1/2-1/2"]
[Termination "normal"]
[Board "2.3"]
[WhiteElo "1407"]
[BlackElo "1781"]
[WhiteTeam "SK Kspr. Iserlohn 1934"]
[BlackTeam "SF Brackel 30"]
[WhiteFideId "12946141"]
[BlackFideId "24659703"]
[EventCountry "GER"]
[EventRounds "7"]
[EventType "team-swiss"]
[EventDate "2011.12.26"]

1. d4 b5 2. Nf3 Bb7 3. Bf4 Nf6 4. e3 a6 5. c4 bxc4 6. Bxc4 e6 7. Nbd2 d5 8. Qb3
Bc6 9. Bd3 Bd6 10. Ne5 Bxe5 11. Bxe5 O-O 12. Rc1 Nfd7 13. Nf3 Nb6 14. O-O h6
15. Bb1 Qe7 16. Rxc6 Nxc6 17. Qc2 g6 18. Rc1 a5 19. Qc5 Qxc5 20. Rxc5 Nd7 21.
Rxc6 Rab8 22. b3 a4 23. Rc3 axb3 24. Rxb3 Rxb3 25. axb3 Rb8 26. Bc2 Ra8 27. Kf1
Ra2 28. Bd1 c5 29. dxc5 Nxc5 30. Nd4 Nd3 31. Bg3 Nb4 32. h3 h5 33. h4 1/2-1/2

[Event "DVM U14 2011"]
[Site "Lingen (Ems) GER"]
[Date "2011.12.28"]
[Round "3"]
[White "Wastian, Jan"]
[Black "Dannenberg, Thomas"]
[Result "0-1"]
[Termination "normal"]
[Board "2.4"]
[WhiteElo "1610"]
[BlackElo "1427"]
[WhiteTeam "SF Brackel 30"]
[BlackTeam "SK Kspr. Iserlohn 1934"]
[WhiteFideId "12911640"]
[EventCountry "GER"]
[EventRounds "7"]
[EventType "team-swiss"]
[EventDate "2011.12.26"]

1. e4 c6 2. d4 d5 3. exd5 cxd5 4. c4 Nf6 5. Nc3 Nc6 6. Bg5 e6 7. Nf3 Be7 8. Bd3
dxc4 9. Bxc4 O-O 10. O-O Qb6 11. Qd2 Rd8 12. Rad1 a6 13. Na4 Qc7 14. Bb3 Rd7
15. Rfe1 Bb4 16. Nc3 Qb6 17. Bxf6 gxf6 18. Rxe6 fxe6 19. Bxe6+ Kh8 20. Bxd7
Bxd7 21. Qf4 Ne7 22. Ne4 Nd5 23. Qh6 f5 24. Qxb6 Nxb6 25. Nc5 Bc6 26. Ne5 Bd5
27. Ncd3 Be7 28. b3 Rc8 29. Nf4 Kg7 30. h3 Bg8 31. Nh5+ Kf8 32. Nf4 Rc2 33. d5
Bd6 34. Ned3 Rxa2 35. Ne6+ Bxe6 36. dxe6 Ke7 37. Re1 Rd2 38. Nc1 Rb2 39. g3 Nd5
40. Ne2 Bc5 41. h4 Nc3 0-1

[Event "DVM U14 2011"]
[Site "Lingen (Ems) GER"]
[Date "2011.12.28"]
[Round "3"]
[White "Kramer, Julian"]
[Black "Sabirov, Ramil"]
[Result "0-1"]
[Termination "normal"]
[Board "3.1"]
[WhiteElo "2047"]
[BlackElo "1720"]
[WhiteTeam "Hamburger SK von 1830"]
[BlackTeam "SG Porz"]
[WhiteFideId "12921742"]
[BlackFideId "12900303"]
[EventCountry "GER"]
[EventRounds "7"]
[EventType "team-swiss"]
[EventDate "2011.12.26"]

1. e4 c5 2. Nf3 e6 3. d4 cxd4 4. Nxd4 a6 5. Bd3 Qc7 6. O-O Nf6 7. Qe2 d6 8. c4
Be7 9. b3 Nbd7 10. Bb2 b6 11. Nd2 Bb7 12. Rfc1 O-O 13. f3 Rac8 14. a4 Qb8 15.
Re1 Bd8 16. Nf1 Bc7 17. Qf2 Ne5 18. Bc2 Ng6 19. Rac1 Rfe8 20. Ng3 d5 21. exd5
exd5 22. cxd5 Nxd5 23. Kh1 Bf4 24. Ndf5 Bxc1 25. Rxc1 Qf4 26. Nh5 Qxc1+ 27.
Bxc1 Rxc2 28. Qf1 Rce2 29. Bd2 Rxd2 30. Qa1 Nc3 31. Nhxg7 Rd1+ 32. Qxd1 Nxd1
33. Nxe8 Bc8 34. Nfd6 Be6 35. b4 Nc3 36. a5 bxa5 37. bxa5 Nd5 38. Ne4 Kf8 39.
N8d6 Ke7 40. Nc4 Nc7 41. Nb6 Ne5 42. h4 Nc6 43. h5 h6 44. g4 f6 0-1

[Event "DVM U14 2011"]
[Site "Lingen (Ems) GER"]
[Date "2011.12.28"]
[Round "3"]
[White "Brungs, Sven"]
[Black "Hinrichs, Lars"]
[Result "0-1"]
[Termination "normal"]
[Board "3.2"]
[WhiteElo "1516"]
[BlackElo "1900"]
[WhiteTeam "SG Porz"]
[BlackTeam "Hamburger SK von 1830"]
[WhiteFideId "12946257"]
[BlackFideId "12921769"]
[EventCountry "GER"]
[EventRounds "7"]
[EventType "team-swiss"]
[EventDate "2011.12.26"]

1. d4 Nf6 2. Nf3 g6 3. c4 Bg7 4. Nc3 O-O 5. e4 d6 6. Be2 e5 7. d5 Na6 8. Bg5 h6
9. Bh4 c6 10. O-O g5 11. Bg3 cxd5 12. cxd5 Nh5 13. Nd2 Nf4 14. Bc4 f5 15. Kh1
Nc5 16. Bxf4 gxf4 17. b4 Nxe4 18. Ncxe4 fxe4 19. Nxe4 Bf5 20. f3 Rc8 21. Rc1
Qb6 22. a3 Bxe4 23. fxe4 Qd4 24. Qd3 Rc7 25. Qe2 Rfc8 26. Rfd1 Qe3 27. Qf1 Qxa3
28. b5 Qb4 29. Bd3 Rc3 30. h3 Qc5 31. Qe1 0-1

[Event "DVM U14 2011"]
[Site "Lingen (Ems) GER"]
[Date "2011.12.28"]
[Round "3"]
[White "Sander, Jean Louis"]
[Black "Popov, Leonard"]
[Result "1-0"]
[Termination "normal"]
[Board "3.3"]
[WhiteElo "1816"]
[BlackElo "1388"]
[WhiteTeam "Hamburger SK von 1830"]
[BlackTeam "SG Porz"]
[WhiteFideId "12903280"]
[BlackFideId "12946265"]
[EventCountry "GER"]
[EventRounds "7"]
[EventType "team-swiss"]
[EventDate "2011.12.26"]

1. e4 e5 2. Nf3 Nc6 3. d4 exd4 4. Nxd4 Qh4 5. Nc3 Bb4 6. Be2 Bxc3+ 7. bxc3 Qxe4
8. Nb5 Kd8 9. O-O Nf6 10. Bf3 Qf5 11. Bxc6 bxc6 12. Nd4 Qd5 13. Re1 Bb7 14. Ba3
c5 15. Nf3 Qxd1 16. Raxd1 Bxf3 17. gxf3 Re8 18. Bxc5 d6 19. Bd4 Re6 20. c4 c6
21. Rxe6 fxe6 22. Bxf6+ gxf6 23. Rxd6+ Ke7 24. Rxc6 a6 25. Rc7+ Kd6 26. Rxh7
1-0

[Event "DVM U14 2011"]
[Site "Lingen (Ems) GER"]
[Date "2011.12.28"]
[Round "3"]
[White "Bilchinski, Anton"]
[Black "Schmücker, Felix"]
[Result "1/2-1/2"]
[Termination "normal"]
[Board "4.1"]
[WhiteElo "1820"]
[BlackElo "2062"]
[WhiteTeam "SK 1908 Göggingen"]
[BlackTeam "BSG Grün-Weiß Leipzig"]
[WhiteFideId "24615765"]
[BlackFideId "12900273"]
[EventCountry "GER"]
[EventRounds "7"]
[EventType "team-swiss"]
[EventDate "2011.12.26"]

1. d4 Nf6 2. c4 e6 3. Nc3 Bb4 4. e3 c5 5. Nge2 O-O 6. g3 cxd4 7. exd4 d5 8. Bg2
dxc4 9. O-O Nc6 10. Qa4 Be7 11. Qxc4 Bd7 12. Be3 Rc8 13. Qd3 Nb4 14. Qd2 Bc6
15. f3 Nbd5 16. Bf2 b6 17. Rac1 Qd7 18. Rfd1 Bb7 19. a3 Rfd8 20. Ne4 Ba6 21.
N2c3 Nxc3 22. Nxc3 Bb7 23. Qe3 Nd5 24. Nxd5 Qxd5 25. Qe5 Qb3 26. Qe2 Bg5 27. f4
Bxg2 28. Kxg2 Bf6 29. Rxc8 Rxc8 30. Rd2 h6 31. Qd3 Qxd3 32. Rxd3 Rc2 33. b3 b5
34. Kf3 a5 1/2-1/2

[Event "DVM U14 2011"]
[Site "Lingen (Ems) GER"]
[Date "2011.12.28"]
[Round "3"]
[White "Richter, Leonard"]
[Black "Reimann, Sebastian"]
[Result "1-0"]
[Termination "normal"]
[Board "4.2"]
[WhiteElo "1846"]
[BlackElo "1516"]
[WhiteTeam "BSG Grün-Weiß Leipzig"]
[BlackTeam "SK 1908 Göggingen"]
[WhiteFideId "12900290"]
[BlackFideId "12928054"]
[EventCountry "GER"]
[EventRounds "7"]
[EventType "team-swiss"]
[EventDate "2011.12.26"]

1. e4 e5 2. Nf3 Nc6 3. d4 exd4 4. Nxd4 Bc5 5. Be3 Qf6 6. Nb5 Bxe3 7. fxe3 Qd8
8. Qg4 g6 9. Bc4 Nf6 10. Qf4 O-O 11. Nxc7 Rb8 12. Nd5 Nh5 13. Qf2 d6 14. Nbc3
Be6 15. O-O-O a6 16. Be2 Kh8 17. Bxh5 gxh5 18. Nf6 Ne5 19. h3 b5 20. Ncd5 Ng6
21. Qf3 Bxd5 22. Rxd5 Ne5 23. Qf4 Kg7 24. Rxe5 Qxf6 25. Rg5+ Qg6 26. Rxg6+ hxg6
27. Qxd6 Rfe8 28. Rf1 Rb7 29. Qxa6 Rbe7 30. Qxb5 Rxe4 31. Qd5 Rxe3 32. Rxf7+
Kh8 33. Qd4+ R3e5 34. Qd7 Re1+ 35. Kd2 R8e2+ 36. Kc3 Re3+ 37. Kb4 Re4+ 38. c4
1-0

[Event "DVM U14 2011"]
[Site "Lingen (Ems) GER"]
[Date "2011.12.28"]
[Round "3"]
[White "Reimann, Matthias"]
[Black "Angrick, Philipp"]
[Result "0-1"]
[Termination "normal"]
[Board "4.3"]
[WhiteElo "1476"]
[BlackElo "1821"]
[WhiteTeam "SK 1908 Göggingen"]
[BlackTeam "BSG Grün-Weiß Leipzig"]
[WhiteFideId "12928046"]
[BlackFideId "12912298"]
[EventCountry "GER"]
[EventRounds "7"]
[EventType "team-swiss"]
[EventDate "2011.12.26"]

1. c4 e5 2. Nc3 Nf6 3. g3 c6 4. Bg2 d5 5. cxd5 cxd5 6. d4 exd4 7. Qxd4 Nc6 8.
Qd1 Bb4 9. Bd2 O-O 10. a3 Bxc3 11. Bxc3 d4 12. Bd2 Re8 13. Nf3 d3 14. e3 Bg4
15. O-O Ne5 16. Bc3 Nxf3+ 17. Bxf3 Bxf3 18. Qxf3 Ne4 19. Bb4 Qd7 20. Rad1 Ng5
21. Qh5 Qf5 22. Kg2 Re6 23. h4 Qh3+ 24. Kg1 Rg6 25. Rxd3 Ne4 26. Bc5 Rg5 27.
Rfd1 h6 28. Rd8+ Rxd8 29. Rxd8+ Kh7 30. Qxf7 Rxc5 31. Rg8 Qg4 32. Qf8 Nf6 33.
Rh8+ Kg6 34. Qb8 Rd5 35. Qxb7 Qf3 36. Kh2 Ng4+ 37. Kg1 Rd1# 0-1

[Event "DVM U14 2011"]
[Site "Lingen (Ems) GER"]
[Date "2011.12.28"]
[Round "3"]
[White "Schaefer, Matthes"]
[Black "Artz, Tobias"]
[Result "1-0"]
[Termination "normal"]
[Board "4.4"]
[WhiteElo "1330"]
[BlackElo "1388"]
[WhiteTeam "BSG Grün-Weiß Leipzig"]
[BlackTeam "SK 1908 Göggingen"]
[WhiteFideId "12946117"]
[BlackFideId "12928127"]
[EventCountry "GER"]
[EventRounds "7"]
[EventType "team-swiss"]
[EventDate "2011.12.26"]

1. e4 e5 2. Nf3 Nc6 3. d4 exd4 4. Bc4 h6 5. Nxd4 Ne5 6. Bb3 Bc5 7. Nc3 Nf6 8.
O-O O-O 9. Nf3 Nxf3+ 10. Qxf3 d6 11. Nd5 Nxd5 12. exd5 Re8 13. Qg3 Qf6 14. c3
Re4 15. h3 Bd7 16. Bd2 Re2 17. Rad1 a5 18. Bc4 Re4 19. Bd3 Rh4 20. Rde1 b5 21.
b3 b4 22. Bc2 bxc3 23. Bxc3 Bd4 24. Qd3 g6 25. Bxd4 Rxd4 26. Qc3 Kg7 27. Qxc7
Bb5 28. Re6 Qg5 29. Rxg6+ Qxg6 30. Bxg6 Kxg6 31. Qxd6+ f6 32. Re1 Re8 33. Rc1
Re2 34. a4 Be8 35. Qg3+ Kf7 36. Rc7+ Re7 37. Rxe7+ Kxe7 38. Qc7+ *

[Event "DVM U14 2011"]
[Site "Lingen (Ems) GER"]
[Date "2011.12.28"]
[Round "3"]
[White "Knopf, Felix"]
[Black "Röhlich, Philipp"]
[Result "0-1"]
[Termination "normal"]
[Board "5.1"]
[WhiteElo "1802"]
[BlackElo "1734"]
[WhiteTeam "SV Merseburg"]
[BlackTeam "SG Trier"]
[WhiteFideId "24692204"]
[BlackFideId "24692832"]
[EventCountry "GER"]
[EventRounds "7"]
[EventType "team-swiss"]
[EventDate "2011.12.26"]

1. d4 d5 2. c4 c6 3. Nc3 Nf6 4. Nf3 e6 5. cxd5 exd5 6. Qc2 Bb4 7. a3 Ba5 8. Bg5
O-O 9. e3 Nbd7 10. Bd3 h6 11. Bf4 Bc7 12. Bxc7 Qxc7 13. O-O a6 14. b4 Qd6 15.
Rfd1 Nb6 16. h3 Be6 17. a4 Rfc8 18. Rab1 Nc4 19. Qb3 b5 20. Ra1 Rab8 21. Rdb1
Qc7 22. Bxc4 bxc4 23. Qd1 Bf5 24. Rb2 Qe7 25. Ne5 Qc7 26. Qc1 Ne4 27. Nxe4 Bxe4
28. f3 Bh7 29. e4 f6 30. Ng4 Qb6 31. Qc3 f5 32. Ne5 fxe4 33. Nd7 Qc7 34. Nxb8
Rxb8 35. fxe4 Bxe4 36. Rf1 Qe7 37. Rf4 Bd3 38. Rf3 Qg5 39. Rbf2 Be4 40. Rf7 a5
41. b5 cxb5 42. axb5 Rxb5 43. Qa3 Kh7 44. Qf8 Rb1+ 45. Kh2 Rb6 46. Rxg7+ Qxg7
47. Rf7 Rg6 48. Rxg7+ Rxg7 49. g4 c3 50. Qc5 c2 51. Kg3 Rf7 52. Kh4 a4 53. Qc6
a3 54. Kh5 a2 55. Qxh6+ Kg8 56. Qg5+ Rg7 57. Qc1 Rh7+ 58. Kg5 Rxh3 59. Qf4 Rf3
60. Qb8+ Rf8 61. Qb2 Kg7 62. Qb7+ Rf7 63. Qb2 Rc7 0-1

[Event "DVM U14 2011"]
[Site "Lingen (Ems) GER"]
[Date "2011.12.28"]
[Round "3"]
[White "Bauer, Lukas"]
[Black "Hoffmann, Dustin"]
[Result "0-1"]
[Termination "normal"]
[Board "5.2"]
[WhiteElo "1640"]
[BlackElo "1687"]
[WhiteTeam "SG Trier"]
[BlackTeam "SV Merseburg"]
[WhiteFideId "12907715"]
[BlackFideId "1270566"]
[EventCountry "GER"]
[EventRounds "7"]
[EventType "team-swiss"]
[EventDate "2011.12.26"]

1. e4 c5 2. c3 Nc6 3. d4 cxd4 4. cxd4 e6 5. Nf3 Nf6 6. Nc3 d5 7. e5 Ne4 8. a3
Be7 9. Bd3 Ng5 10. Nxg5 Bxg5 11. f4 Bh4+ 12. g3 Be7 13. Bc2 a6 14. O-O Qb6 15.
Ne2 Bd7 16. Rb1 Rc8 17. Be3 Na5 18. Rf3 Nc4 19. Bc1 Qc7 20. Rc3 Qb8 21. Ra1 b5
22. b3 Nb6 23. Bb2 O-O 24. Qd3 g6 25. Rc1 Rxc3 26. Nxc3 Rc8 27. g4 b4 28. Nb1
a5 29. a4 Rc7 30. Rf1 Qc8 31. Rf2 Kg7 32. Bd1 h6 33. Nd2 Nc4 34. bxc4 dxc4 35.
Nxc4 Rxc4 36. Bb3 Rc7 37. Rc2 Rxc2 38. Qxc2 Qxc2 39. Bxc2 Bc6 40. Bd1 Bh4 41.
Kf1 Bd5 42. Ke2 f6 43. Ke3 h5 44. gxh5 gxh5 45. Bxh5 fxe5 46. Bd1 exf4+ 47.
Kxf4 Bf6 48. Kg4 Be4 49. h4 Bf5+ 50. Kg3 Kf7 51. h5 Bg5 52. Kf3 Ke7 53. Bb3 Kd6
54. Bd1 Ke7 55. Bb3 Kf7 56. d5 exd5 57. Bxd5+ Be6 58. Ke4 Bxd5+ 59. Kxd5 Bf6
60. Bc1 b3 61. Bb2 Bxb2 62. Kc4 Bc1 63. Kxb3 Bd2 64. Kc2 Bb4 65. Kd3 Kg7 66.
Ke4 Kh6 0-1

[Event "DVM U14 2011"]
[Site "Lingen (Ems) GER"]
[Date "2011.12.28"]
[Round "3"]
[White "Le Hong, Quang Anh"]
[Black "Kim, Yun-Ghi"]
[Result "0-1"]
[Termination "normal"]
[Board "5.3"]
[WhiteElo "1309"]
[BlackElo "1784"]
[WhiteTeam "SV Merseburg"]
[BlackTeam "SG Trier"]
[WhiteFideId "12927589"]
[BlackFideId "12925888"]
[EventCountry "GER"]
[EventRounds "7"]
[EventType "team-swiss"]
[EventDate "2011.12.26"]

1. Nf3 {[%emt 0:00:00]} d5 2. d4 Nf6 3. c4 c6 4. Nc3 e6 5. a3 dxc4 6. e4 b5 7.
Be2 Be7 8. O-O O-O 9. Bf4 Bb7 10. Qc2 Qb6 11. Rad1 Nbd7 12. Rd2 c5 13. Be3 cxd4
14. Nxd4 Bc5 15. f4 g6 16. Kh1 Rfd8 17. e5 Nd5 18. Nxd5 Bxd5 19. Bf2 Rac8 20.
Bf3 Bxf3 21. Nxf3 Bxf2 22. Rdxf2 Nc5 23. Ng5 Nd3 24. Rf3 h6 25. Ne4 Qd4 26. Nd6
Rc7 27. Qc3 Qxc3 28. bxc3 f6 29. Re3 fxe5 30. fxe5 Nxe5 31. Rxe5 Rxd6 32. Rfe1
Rcd7 33. Kg1 Kf7 34. Kf1 Kf6 35. h3 Re7 36. g4 g5 37. Kf2 Rd3 38. R1e3 Rxe3 39.
Rxe3 Rd7 40. Ke2 Rd5 41. Kf2 Rd2+ 42. Re2 Rxe2+ 43. Kxe2 Ke5 44. Ke3 Kd5 45.
Kf3 e5 46. Ke3 e4 47. Kd2 Ke5 48. Ke2 Kf4 49. Kf2 e3+ 0-1

[Event "DVM U14 2011"]
[Site "Lingen (Ems) GER"]
[Date "2011.12.28"]
[Round "3"]
[White "Bach, Marc-Andre"]
[Black "Handke, Moritz"]
[Result "0-1"]
[Termination "normal"]
[Board "5.4"]
[WhiteElo "1714"]
[BlackElo "1272"]
[WhiteTeam "SG Trier"]
[BlackTeam "SV Merseburg"]
[WhiteFideId "1270773"]
[BlackFideId "12946222"]
[EventCountry "GER"]
[EventRounds "7"]
[EventType "team-swiss"]
[EventDate "2011.12.26"]

1. e4 e5 2. Nf3 Nc6 3. Bc4 Bc5 4. c3 Nf6 5. d3 d6 6. a4 a6 7. b4 Ba7 8. Qb3 O-O
9. Bb2 Ne7 10. O-O Bg4 11. Nbd2 Ng6 12. Rfe1 Nh5 13. d4 Qf6 14. a5 Qf4 15. Qc2
Rfe8 16. b5 axb5 17. Bxb5 c6 18. Bc4 Nf6 19. Re3 Bxf3 20. Rxf3 Qg4 21. Qb3 Re7
22. Ba3 Rd8 23. Bb2 Rdd7 24. Re1 Nf4 25. Rg3 Qh4 26. Bc1 N6h5 27. Nf3 Qf6 28.
Rg5 Nh3+ 29. Kf1 Nxg5 30. Bxg5 Qg6 31. Bxe7 Rxe7 32. dxe5 dxe5 33. Rd1 h6 34.
Rd8+ Kh7 35. Rf8 Nf4 36. Nh4 Qg4 37. g3 Rd7 38. f3 Qh3+ 39. Ke1 Qxh2 0-1

[Event "DVM U14 2011"]
[Site "Lingen (Ems) GER"]
[Date "2011.12.28"]
[Round "3"]
[White "Greßmann, Moritz"]
[Black "Imcke, Patrick"]
[Result "1-0"]
[Termination "normal"]
[Board "6.1"]
[WhiteElo "1748"]
[BlackElo "1848"]
[WhiteTeam "BSV 63 Chemie Weißensee"]
[BlackTeam "Sportfreunde Katernberg 1913"]
[WhiteFideId "24695084"]
[BlackFideId "4622502"]
[EventCountry "GER"]
[EventRounds "7"]
[EventType "team-swiss"]
[EventDate "2011.12.26"]

1. e4 e6 2. d4 d5 3. exd5 exd5 4. Bd3 Bd6 5. Ne2 Ne7 6. Bf4 Nbc6 7. c3 Bf5 8.
O-O Qd7 9. Bxd6 Qxd6 10. Bxf5 Nxf5 11. Qd3 g6 12. Na3 O-O-O 13. Nb5 Qd7 14. a4
h5 15. b4 h4 16. Na3 g5 17. Nc2 Rhe8 18. a5 g4 19. b5 Nb8 20. b6 cxb6 21. axb6
a6 22. Nb4 g3 23. fxg3 Ne3 24. Rf3 Nc4 25. Raf1 Re7 26. gxh4 Nxb6 27. Ng3 Rde8
28. h5 a5 29. Nc2 Nc4 30. Nf5 Re2 31. Nfe3 Rd2 32. Nxc4 Rxd3 33. Nb6+ Kc7 34.
Nxd7 Rxf3 35. Rxf3 Nxd7 36. Rxf7 Kd6 37. h6 Ke6 38. Rg7 Nf6 39. Rxb7 Ne4 40.
Ra7 Rb8 41. h3 Nxc3 42. Rxa5 Kf5 43. Rc5 Ne2+ 44. Kh2 Ke4 45. Ra5 Kd3 46. Ne1+
Kxd4 47. Nf3+ Ke4 48. Ng5+ Ke5 49. h7 Kf6 50. Rxd5 Nf4 51. Ra5 Ng6 52. Ne4+ Kg7
53. Ra7+ Kh6 54. Nf6 Rh8 55. Kg3 Kg5 56. Ng4 Kf5 57. Rg7 Nf8 58. Rg8 Ng6 59.
Rg7 Nf8 60. Rf7+ Kg6 61. Ne5+ Kh6 62. Rxf8 Rxf8 63. h8=Q+ 1-0

[Event "DVM U14 2011"]
[Site "Lingen (Ems) GER"]
[Date "2011.12.28"]
[Round "3"]
[White "Dette, Tim"]
[Black "Donath, Johann"]
[Result "0-1"]
[Termination "normal"]
[Board "6.2"]
[WhiteElo "1553"]
[BlackElo "1871"]
[WhiteTeam "Sportfreunde Katernberg 1913"]
[BlackTeam "BSV 63 Chemie Weißensee"]
[WhiteFideId "12946249"]
[BlackFideId "24685160"]
[EventCountry "GER"]
[EventRounds "7"]
[EventType "team-swiss"]
[EventDate "2011.12.26"]

1. e4 e5 2. d4 exd4 3. Nf3 Nc6 4. c3 dxc3 5. Bc4 d6 6. Qb3 Qd7 7. O-O g6 8.
Nxc3 Bg7 9. Bf4 Nh6 10. Rad1 Ng4 11. e5 Ngxe5 12. Bxe5 Bxe5 13. Nxe5 Nxe5 14.
Rfe1 Qf5 15. Bd3 Qh5 16. Nd5 Kd8 17. Qc3 c6 18. Qa5+ b6 19. Nxb6 Nf3+ 20. gxf3
Qxa5 21. Nxa8 Re8 22. Rxe8+ Kxe8 23. a3 Bb7 24. Bf1 Kd7 25. Bh3+ Ke7 26. Bg2
Bxa8 27. Bf1 Qg5+ 28. Bg2 c5 29. Re1+ Kf6 30. Kf1 Bd5 31. Re3 Be6 32. f4 Qh6
33. Rh3 Bxh3 34. Bxh3 Qxh3+ 35. Kg1 Kf5 36. b4 Kxf4 37. bxc5 Kf3 38. cxd6 Qg2#
0-1

[Event "DVM U14 2011"]
[Site "Lingen (Ems) GER"]
[Date "2011.12.28"]
[Round "3"]
[White "Greßmann, Hanna"]
[Black "Marvani, Arman"]
[Result "0-1"]
[Termination "normal"]
[Board "6.3"]
[WhiteElo "1327"]
[BlackElo "1313"]
[WhiteTeam "BSV 63 Chemie Weißensee"]
[BlackTeam "Sportfreunde Katernberg 1913"]
[WhiteFideId "12930709"]
[BlackFideId "12936731"]
[EventCountry "GER"]
[EventRounds "7"]
[EventType "team-swiss"]
[EventDate "2011.12.26"]

1. d4 Nf6 2. Nd2 c5 3. dxc5 Qa5 4. Ngf3 Nc6 5. e3 Qxc5 6. Nb3 Qf5 7. Bd3 Qg4 8.
O-O e5 9. Bb5 e4 10. Nfd4 Qg5 11. Bc4 d5 12. Bb5 Bd7 13. Bxc6 bxc6 14. Re1 Bh3
15. g3 h5 16. f4 Qg6 17. Re2 h4 18. Qe1 Nh5 19. f5 Qg5 20. Qc3 Rc8 21. Nxc6 Bd6
22. Nbd4 hxg3 23. Kh1 gxh2 0-1

[Event "DVM U14 2011"]
[Site "Lingen (Ems) GER"]
[Date "2011.12.28"]
[Round "3"]
[White "Schimnatkowski, Lukas"]
[Black "Boehling, Richard"]
[Result "1-0"]
[Termination "normal"]
[Board "6.4"]
[WhiteElo "1338"]
[BlackElo "1318"]
[WhiteTeam "Sportfreunde Katernberg 1913"]
[BlackTeam "BSV 63 Chemie Weißensee"]
[WhiteFideId "12936723"]
[BlackFideId "12946176"]
[EventCountry "GER"]
[EventRounds "7"]
[EventType "team-swiss"]
[EventDate "2011.12.26"]

1. e4 {[%emt 0:00:00]} e5 2. d4 exd4 3. Nf3 Nc6 4. Bc4 Nf6 5. e5 d5 6. Bb5 Ne4
7. Nxd4 Bd7 8. Bxc6 bxc6 9. O-O Bc5 10. f3 Ng5 11. f4 Ne4 12. Be3 O-O 13. Nd2
Bxd4 14. Bxd4 Bf5 15. Nxe4 Bxe4 16. Qg4 Qe7 17. f5 c5 18. f6 g6 19. fxe7 Rfe8
20. Bxc5 Bxc2 21. e6 f5 22. Qh4 1-0

[Event "DVM U14 2011"]
[Site "Lingen (Ems) GER"]
[Date "2011.12.28"]
[Round "3"]
[White "Lindner, Ferdinand"]
[Black "Beeck, Mats"]
[Result "1/2-1/2"]
[Termination "normal"]
[Board "7.1"]
[WhiteElo "1628"]
[BlackElo "1671"]
[WhiteTeam "SV Medizin Erfurt"]
[BlackTeam "SK Doppelbauer Kiel"]
[WhiteFideId "1270769"]
[BlackFideId "12936944"]
[EventCountry "GER"]
[EventRounds "7"]
[EventType "team-swiss"]
[EventDate "2011.12.26"]

1. e4 c5 2. d4 cxd4 3. c3 dxc3 4. Nxc3 Nc6 5. Nf3 e6 6. Bc4 Qc7 7. Qe2 Nf6 8.
O-O Ng4 9. Nb5 Qb8 10. h3 h5 11. g3 a6 12. Nc3 Bc5 13. Kg2 Nge5 14. Nxe5 Nxe5
15. Bb3 g6 16. Bg5 O-O 17. Bf6 Re8 18. f4 Nc6 19. f5 Be7 20. Bxe7 Rxe7 21. fxg6
fxg6 22. Qf2 Qe5 23. g4 b5 24. gxh5 gxh5 25. Qf8+ Kh7 26. Rf7+ Rxf7 27. Qxf7+
Qg7+ 28. Qxg7+ Kxg7 29. Rd1 Ne5 30. Kg3 Bb7 31. Kf4 Kf6 32. Rd2 Rd8 33. Rd6
Ng6+ 34. Ke3 Ke5 35. Rb6 Bc8 36. Ne2 Ne7 37. Nd4 d5 38. Nf3+ Kf6 39. e5+ Kg7
40. Bc2 Rf8 41. Nd4 Kf7 42. Bd3 Rh8 43. a4 1/2-1/2

[Event "DVM U14 2011"]
[Site "Lingen (Ems) GER"]
[Date "2011.12.28"]
[Round "3"]
[White "Wanner, Lukas"]
[Black "Nguyen, Huy Dat"]
[Result "1/2-1/2"]
[Termination "normal"]
[Board "7.2"]
[WhiteElo "1594"]
[BlackElo "1744"]
[WhiteTeam "SK Doppelbauer Kiel"]
[BlackTeam "SV Medizin Erfurt"]
[WhiteFideId "12918148"]
[BlackFideId "12923486"]
[EventCountry "GER"]
[EventRounds "7"]
[EventType "team-swiss"]
[EventDate "2011.12.26"]

1. e4 c5 2. Nf3 Nc6 3. d4 cxd4 4. Nxd4 g6 5. c4 Bg7 6. Be3 Nf6 7. Nc3 O-O 8. f3
d6 9. Be2 a5 10. b3 Bd7 11. O-O Nxd4 12. Bxd4 Bc6 13. Qd2 Nd7 14. Rfd1 Bxd4+
15. Qxd4 f5 16. Nd5 f4 17. Kh1 Rc8 18. Qd2 e5 19. Nc3 Rf6 20. Nb5 Bxb5 21. cxb5
g5 22. Bc4+ Kh8 23. Bd5 b6 24. Rac1 Rc5 1/2-1/2

[Event "DVM U14 2011"]
[Site "Lingen (Ems) GER"]
[Date "2011.12.28"]
[Round "3"]
[White "Knorre, Jonas"]
[Black "Andreßen, Kay"]
[Result "1-0"]
[Termination "normal"]
[Board "7.3"]
[WhiteElo "1728"]
[BlackElo "1381"]
[WhiteTeam "SV Medizin Erfurt"]
[BlackTeam "SK Doppelbauer Kiel"]
[WhiteFideId "24696900"]
[EventCountry "GER"]
[EventRounds "7"]
[EventType "team-swiss"]
[EventDate "2011.12.26"]

1. e4 e5 2. Nf3 Nc6 3. Bc4 Bc5 4. c3 Nf6 5. d4 exd4 6. O-O dxc3 7. Nxc3 O-O 8.
e5 Ng4 9. Qd5 d6 10. Bg5 Qe8 11. exd6 Bxd6 12. Rfe1 Nge5 13. Nxe5 Be6 14. Nxc6
Bxd5 15. Rxe8 Rfxe8 16. Bxd5 bxc6 17. Bxc6 Rab8 18. Bxe8 Rxe8 19. Rd1 f6 20.
Be3 a6 21. h3 Rb8 22. b3 Bb4 23. Nd5 Bd6 24. Bf4 Rd8 25. Bxd6 Rxd6 26. Ne7+ Kf7
27. Rxd6 cxd6 28. Nd5 a5 29. Kf1 Ke6 30. Ne3 d5 31. Ke2 f5 32. Kd3 f4 33. Nc2
Ke5 34. Nd4 1-0